Project Runway Winners Quiz Stats

 Plays Quiz Retired Jun 22, 2021

     
Support Sporcle.
Go Orange.
Score 0/17 Timer 02:00
0 Plays Today
Season Winner % Correct
4Christian Siriano
73.6%
1Jay McCarroll
60.9%
2Chloe Dao
59%
9Anya Ayoung-Chee
49.1%
13Sean Kelly
47.4%
3Jeffrey Sebelia
47.3%
11Michelle Lesniak Franklin
44.5%
12Dom Streater
43.3%
14Ashley Nell Tipton
43.3%
Season Winner % Correct
10Dmitry Sholokhov
39.8%
15Erin Robertson
39%
5Leanne Marshall
36.5%
16Kentaro Kameyama
34.5%
6Irina Shabayeva
26%
7Seth Aaron Henderson
19.6%
8Gretchen Jones
17.7%
17Sebastian Grey
4.7%

From the Vault

Phases of the Moon Picture Click

by WillieG

Science 60s
We can't really recommend this quiz if you're a werewolf.
Remove Ads.
Support Sporcle.
Get the best of Sporcle when you Go Orange. This ad-free experience offers more features, more stats, and more fun while also helping to support Sporcle. Thank you for becoming a member.

Show Comments

Extras

Top Quizzes Today


Score Distribution

Your Account Isn't Verified!

In order to create a playlist on Sporcle, you need to verify the email address you used during registration. Go to your Sporcle Settings to finish the process.

Report this User

Report this user for behavior that violates our Community Guidelines.

Details: